00424nam a22001452 4500001001100000005001700011008004100028020002600069040001500095100003000110245005500140260002900195300001600224650003800240000000830220151217154402.0080226s xx 000 0 eng d a9966855009 :cKES 400 aKABUcKABU1 aChacha, John.@000015888210a10 Pillars of christian leadership /cJohn Chacha. aNairobi :bUzima,c2006. avi, 122 p. 0aChristian leadership.@0000149555